zpět

Detail výsledku týmu

Metro Music Pub, Most

Datum a čas kvízu

24 Celkem bodů Celkový počet nahraných bodů na tomto kvízu bez doplňovacích otázek.
5. Pořadí na kvízu Konečné umístění týmu na tomto kvízu.

Zaznamenané odpovědi

# Otázka Odpověď Body Výsledky
1. Jak se nazývá šelma, která ve... 1
2. V obci Sklené Teplice na střed... 0
3. V jednom z našich krajských m... 1
4. Český premiér při rozhovoru pr... 1
5. V sobotních osmifinálových záp... 1
6. Předminulý týden (21. června)... 0
7. První červencový týden tradičn... 0.5
8. Oblíbenou letní událostí jsou... 1
9. Napište jméno zpěvačky a název... 1
10. Začátek léta má řada sportovní... 0